Optical Fiber Communications / (Record no. 16645)
[ view plain ]
| 000 -LEADER | |
|---|---|
| fixed length control field | 01101nac a22002651u 4500 |
| 008 - FIXED-LENGTH DATA ELEMENTS--GENERAL INFORMATION | |
| fixed length control field | 110704s2010 mau|||||r|||| 001 0 eng d |
| 010 ## - LIBRARY OF CONGRESS CONTROL NUMBER | |
| LC control number | 99037108 |
| 020 ## - INTERNATIONAL STANDARD BOOK NUMBER | |
| International Standard Book Number | 0071088083 |
| 020 ## - INTERNATIONAL STANDARD BOOK NUMBER | |
| International Standard Book Number | 9780071088084 |
| 082 00 - DEWEY DECIMAL CLASSIFICATION NUMBER | |
| Classification number | 621.38275 |
| Item number | KEI |
| 100 ## - MAIN ENTRY--PERSONAL NAME | |
| Personal name | Keiser, Gerd. |
| 9 (RLIN) | 26095 |
| 245 10 - TITLE STATEMENT | |
| Title | Optical Fiber Communications / |
| Statement of responsibility, etc | Gerd Keiser |
| 250 ## - EDITION STATEMENT | |
| Edition statement | 4th ed. |
| 260 ## - PUBLICATION, DISTRIBUTION, ETC. (IMPRINT) | |
| Place of publication, distribution, etc | Boston, MA : |
| Name of publisher, distributor, etc | McGraw-Hill, |
| Date of publication, distribution, etc | 2010 |
| 300 ## - PHYSICAL DESCRIPTION | |
| Extent | xxxii,578p. : |
| Other physical details | ill. ; |
| Dimensions | 25 cm. |
| 490 ## - Series Statement | |
| -- | 26096 |
| Series statement | McGraw-Hill series in electrical and computer engineering. |
| 504 ## - BIBLIOGRAPHY, ETC. NOTE | |
| Bibliography, etc | Includes bibliographical references and index |
| 538 ## - SYSTEM DETAILS NOTE | |
| System details note | System requirements for computer laser optical disc: IBM PC with 200 MHz processor, 64 MB of RAM and Windows95, Windows98, or Windows NT. |
| 650 #0 - SUBJECT ADDED ENTRY--TOPICAL TERM | |
| Topical term or geographic name as entry element | Fiber optics. |
| 9 (RLIN) | 26098 |
| 653 ## - INDEX TERM--UNCONTROLLED | |
| Resource For college | |
| Arrived date list | April2012 |
| -- | February2013 |
| 650 #0 - SUBJECT ADDED ENTRY--TOPICAL TERM | |
| 9 (RLIN) | 26097 |
| Topical term or geographic name as entry element | Optical communications |
| 856 42 - ELECTRONIC LOCATION AND ACCESS | |
| Materials specified | Publisher description |
| Uniform Resource Identifier | <a href="http://www.loc.gov/catdir/description/mh023/99037108.html">http://www.loc.gov/catdir/description/mh023/99037108.html</a> |
| 856 42 - ELECTRONIC LOCATION AND ACCESS | |
| Materials specified | Table of contents |
| Uniform Resource Identifier | <a href="http://www.loc.gov/catdir/toc/mh023/99037108.html">http://www.loc.gov/catdir/toc/mh023/99037108.html</a> |
| 942 ## - ADDED ENTRY ELEMENTS (KOHA) | |
| Item type | Book - Borrowing |
| Call number prefix | 621.38275 KEI |
| Source of classification or shelving scheme | Dewey Decimal Classification |
| Withdrawn status | Item status | Source of classification or shelving scheme | Damaged status | Not for loan | Vendor | Home library | Current library | Shelving location | Date acquired | Source of acquisition | Total Checkouts | Full call number | Barcode | Date last seen | Koha item type | Total Renewals | Date last borrowed |
|---|---|---|---|---|---|---|---|---|---|---|---|---|---|---|---|---|---|
| Dewey Decimal Classification | Baccah | Central Library | Central Library | First floor | 11/04/2012 | 621.38275 KEI | 000026641 | 15/07/2025 | NB - Book (Non borrowing) | ||||||||
| Dewey Decimal Classification | Baccah | Central Library | Central Library | First floor | 11/04/2012 | 2 | 621.38275 KEI | 000026640 | 15/07/2025 | Book - Borrowing | 28 | 23/12/2014 | |||||
| Dewey Decimal Classification | Baccah | Central Library | Central Library | First floor | 11/04/2012 | 2 | 621.38275 KEI | 000026639 | 15/07/2025 | Book - Borrowing | 64 | 07/03/2016 | |||||
| Dewey Decimal Classification | Baccah | Central Library | Central Library | First floor | 12/02/2013 | 3 | 621.38275 KEI | 000028193 | 15/07/2025 | Book - Borrowing | 26 | 10/02/2016 | |||||
| Dewey Decimal Classification | Baccah | Central Library | Central Library | First floor | 12/02/2013 | 3 | 621.38275 KEI | 000028194 | 15/07/2025 | Book - Borrowing | 17 | 18/05/2014 | |||||
| Dewey Decimal Classification | Baccah | Central Library | Central Library | First floor | 12/02/2013 | 2 | 621.38275 KEI | 000028195 | 15/07/2025 | Book - Borrowing | 20 | 21/02/2019 |